Eintracht Frankfurt Kader 2024/25 - Statistiken

Allgemein
  • Dieses Quiz wurde 455 mal gespielt
  • Das Durchschnittsergebnis liegt bei 19 aus 27
Antwortstatistiken
Nationalität Spieler % Korrekt
Deutschland Kevin Trapp
97%
Frankreich Hugo Ekitike
93%
Ägypten Omar Marmoush
92%
Schweden Hugo Larsson
90%
Deutschland Mario Götze
88%
Brasilien Tuta
87%
Brasilien Kaua Santos
86%
Deutschland Robin Koch
86%
Dänemark Rasmus Kristensen
84%
Belgien Arthur Theate
83%
Deutschland/Türkei Can Uzun
83%
Tunesien Ellyes Skhiri
80%
Deutschland Nathaniel Brown
77%
Algerien Fares Chaibi
76%
Deutschland Ansgar Knauff
70%
Deutschland Nmandi Collins
66%
USA Timothy Chandler
65%
Frankreich Jean-Matteo Bahoya
63%
Frankreich/Elfenbeinküste Elye Wahi
60%
Kroatien Igor Matanovic
60%
Dänemark Oscar Hojlund
58%
Syrien/Deutschland Mahmoud Dahoud
56%
Frankreich Niels Nkounkou
53%
Belgien/DR Kongo Michy Batshuayi
52%
Schweiz/Kamerun Aurele Amenda
47%
Frankreich Junior Dina Ebimbe
42%
Deutschland Eba Bikir Is
10%
Keine übereinstimmenden Quizze gefunden
Verteilung der Resultate
Anzahl Personen mit jedem Resultat
Perzentil nach korrekt beantworteten Fragen
Ihre Resultats-Entwicklung
Sie haben dieses Quiz noch nicht gespielt